000 00534nam a2200181Ia 4500
005 20250508152945.0
008 008 250505s9999 xx 000 0 eng d
037 _aTextual
040 _aFEDL
_beng
_cFEDL
041 _aeng
_2eng
084 _a421.4203, LEW
_qFEDL
100 _aLewis Norman
245 0 _aDictionary of correct spelling: A handy reference guide
260 _aNew York, USA
_bHaper and Row, Publishers
_c1962
300 _axi,206p.
942 _cTEXL
_h421.4203, LEW
999 _c1339820
_d1339820